| 000 | 00688nam a2200217 a 4500 | ||
|---|---|---|---|
| 001 | BRCA_925 | ||
| 005 | 20190320203217.0 | ||
| 008 | 130508s1984----ph-a---###---#000-0#eng-# | ||
| 020 | _a0876330537 | ||
| 050 | 4 |
_aNK5142 _b.E49 1984 |
|
| 100 | 1 |
_aElzea, Betty _93060 |
|
| 245 | 1 | 0 |
_aGlass _cBetty Elzea. |
| 260 |
_aPhiladelphia _bPhiladelphia Museum of Art _c1984 |
||
| 300 |
_a46 p. _bil. (algunas a color) _c15 cm. |
||
| 440 | 0 |
_aGuides to European Decorative Arts _v4 _93061 |
|
| 504 | _aBibliografía : p. 48 | ||
| 610 | 2 | 4 |
_aPhiladelphia Museum of Art _vCatálogos _91737 |
| 650 | 1 | 4 |
_aVidrio _vCatálogos _zEuropa _93062 |
| 650 | 1 | 4 |
_aVidrio _vCatálogos _zPennsylvania _93063 |
| 942 |
_2lcc _cB |
||
| 999 |
_c815 _d815 |
||